000
00289nam a22001337a 4500
008
170407b xxu||||| |||| 00| 0 eng d
020
_a
9781416049302
041
_a
eng
080
_2
3 ED
_a
9
100
_a
9
101
_a
SHM
245
_a
REWIEW PATHOLOGY
_c
KLATT,E.C
942
_2
udc
_c
BK
999
_c
10279
_d
10279